000 00217nam a22000857a 4500
008 161210b xxu||||| |||| 00| 0 eng d
100 _91983
_aTayal.B.B.etal.
245 _aSocial Science-VIII
260 _aNew Delhi
_bAPC
_c2011
999 _c4793
_d4793